Disney Twosomes Quiz Stats

 Plays Quiz Updated Mar 20, 2016

Challenge
Share
Tweet
Embed
Score 0/56 Timer 07:00
0 Plays Today
% Correct
Pumbaa
84.1%
Captain Hook
83.2%
Timon
82.6%
Chip
82.5%
Dale
82.4%
Dory
79.6%
Jafar
78.6%
Buzz Lightyear
77.8%
Woody
76.2%
Lilo
74.1%
Stitch
73.8%
Gaston
65.6%
Mr. Smee
64.8%
Tweedledee
63.9%
Tweedledum
63.7%
Marlin
63%
Iago
59.2%
Pongo
51.9%
Gus Gus
50.2%
Yzma
43%
Kronk
42%
Meeko
39%
Perdita
38.9%
Flit
38.4%
Jaq
35.9%
Tod
34.9%
Pain
34.9%
Jetsam
32.6%
% Correct
Flotsam
32.6%
Panic
32.5%
Copper
32.2%
Darling
29.3%
Miss Bianca
26.1%
LeFou
24.3%
Figaro
24%
Roger
21.8%
Jim Dear
21.8%
Bernard
21.8%
Terk
20.2%
Anita
19.6%
Professor Ratigan
19.5%
Cleo
19.2%
Tantor
15.8%
King Stefan
15.1%
Jock
11.5%
Trusty
11.4%
Roll
10.2%
Honest John
10.1%
Tuck
9.9%
Joanna
7.1%
Rutt
5.8%
King Hubert
5.7%
Gideon
5.7%
McLeach
5.5%
Tuke
4.8%
Fidget
4.4%

You're not logged in!

Compare scores with friends on all Sporcle quizzes.
Join for Free
OR
Log In

You Might Also Like...

Show Comments

Extras

Top Quizzes Today


Score Distribution

Your Account Isn't Verified!

In order to create a playlist on Sporcle, you need to verify the email address you used during registration. Go to your Sporcle Settings to finish the process.

Report this User

Report this user for behavior that violates our Community Guidelines.

Details: